Las Miserias de la Constitución Neoliberal de 1993 / (Record no. 22800)

000 -CABECERA
fixed length control field 01004nam a22002417i 4500
003 - IDENTIFICADOR DEL NÚMERO DE CONTROL
control field AR-CdUCM
008 - DATOS DE LONGITUD FIJA--INFORMACIÓN GENERAL
fixed length control field 240315b20232023pe ||||| |||| 00| 0 spa d
040 ## - FUENTE DE LA CATALOGACIÓN
Agencia/entidad que catalogó originalmente la obra MUNICIPALIDAD PROVINCIAL DEL CUSCO
Entidad que transcribió la catalogación BIBLIOTECA MUNICIPAL DEL CUSCO
082 ## - NÚMERO DE LA CLASIFICACIÓN DECIMAL DEWEY
No. de Clasificación 343.2 / B37
Notacion interna B37
100 ## - ENTRADA PRINCIPAL--NOMBRE DE PERSONA
Nombre Personal Béjar Quispe, José
245 ## - MENCIÓN DE TÍTULO
Título Las Miserias de la Constitución Neoliberal de 1993 /
260 ## - PUBLICACIÓN, DISTRIBUCIÓN, ETC.
Lugar de publicación, distribución, etc. Cusco :
Fecha de publicación, distribución, etc. 2023
300 ## - DESCRIPCIÓN FÍSICA
Nº de Páginas Extensión 130 páginas. :
Dimensiones 21 cm.
500 ## - NOTA GENERAL
Bibliografía Bibliografía: páginas 123-129
505 ## - NOTA DE CONTENIDO CON FORMATO
Nota de contenido formateada El régimen cívico-militar que impuso la constitución de 1993 -- El tenebroso neoliberalismo como ideología -- La deformación de las instituciones -- El fundamentalismo de mercado -- El estado subsidiario -- La necesidad de su reforma.
650 ## - PUNTO DE ACCESO ADICIONAL DE MATERIA--TÉRMINO DE MATERIA
Descriptor La constitución del 93
9 (RLIN) 49495
650 ## - PUNTO DE ACCESO ADICIONAL DE MATERIA--TÉRMINO DE MATERIA
Descriptor Neoliberalismo
9 (RLIN) 49496
650 ## - PUNTO DE ACCESO ADICIONAL DE MATERIA--TÉRMINO DE MATERIA
Descriptor Reforma de las instituciones
9 (RLIN) 49497
650 ## - PUNTO DE ACCESO ADICIONAL DE MATERIA--TÉRMINO DE MATERIA
Descriptor Politizado Tribunal Constitucional
9 (RLIN) 49498
942 ## - ELEMENTOS DE PUNTO DE ACCESO ADICIONAL (KOHA)
Fuente de clasificación
Tipo de item Libros-BMC
945 ## - PROCESAMIENTO DE INFORMACIÓN LOCAL (OCLC)
Catalogador pbj
AAAA-MM-DD - Fecha de ingreso o modificacion 2023
Holdings
Estado de retiro (separado) Fuente de clasificación o esquema de estanterías Estado dañado Ubicación Sala donde se ubica Nombre de la colección Fecha de adquisición o compra Fuente de adquisición Costo, precio normal en soles Signatura topográfica Código de Barras Última vez visto (Koha) Tipo de ítem (Koha)
No     Sala Hemeroteca Sala Humanidades Book Cart 2024-03-15 Donación 10.00 343.2 / B37 SH0000016622 2024-03-15 Libros-BMC
No     Sala Humanidades Sala Humanidades Book Cart 2024-03-15 Donación 10.00 343.2 / B37 / e.2 SH0000016623 2024-03-15 Libros-BMC

Powered by Koha